| 000 | 01465nam a22003015i 4500 | ||
|---|---|---|---|
| 001 | 177813 | ||
| 003 | ES-MaACL | ||
| 005 | 20230906220423.0 | ||
| 008 | 110428s2004 sp o |||| |dspa d | ||
| 017 | _aS.1.723-2003 | ||
| 020 | _a8460796310 | ||
| 080 | _a913(460.189)(0:77) | ||
| 080 | _a77 Sanchidrián Gallego, Jesús María José | ||
| 100 | 1 |
_aSanchidrián Gallego, Jesús María José. _9103003 |
|
| 245 | 1 | 0 |
_aEstampas de la tierra de Ávila : _bfotografías de un vivir diario (1987-2003) : el trabajo de la tierra, los molinos del Adaja, el trato de los animales, tipos, artes y oficios, celebraciones festivas, deportes populares, atracciones, taurinos, mozos y quintos, cómicos y comediantes / _cJesús Mª J. Sanchidrián Gallego ; prólogo de José Jiménez Lozano. |
| 250 | _a1ª ed. | ||
| 260 |
_aMingorría (Ávila) : _bPiedra Caballera, revista cultural, _c2004. |
||
| 300 |
_a141 p. : _bprincipalmente il. col. , fot. ; _c29 cm. |
||
| 600 | 1 | 4 |
_aSanchidrián Gallego, Jesús María José. _9103003 |
| 651 | 4 |
_aÁvila (Provincia)- _vObras ilustradas. _9174073 |
|
| 651 | 4 |
_aÁvila (Provincia)- _xUsos y costumbres. _9174076 |
|
| 700 | 1 |
_aJiménez Lozano, José. _966552 |
|
| 852 | 4 |
_aES-MaACL _9R.145556 _jA-11103 _dOlim:N-4108 _zDonación del Autor _cDEPO1 |
|
| 903 |
_aSanchidrián Gallego, Jesús María José _ednr _9103003 |
||
| 942 |
_2udc _cMONOGRAFIA |
||
| 999 |
_c177813 _d177813 |
||